top 50 horror movies - Statistics

General Stats
  • This quiz has been taken 132 times
  • The average score is 18 of 50
Answer Stats
Hint Answer % Correct
5 (1978) Halloween
83%
46 (2018) Halloween
83%
6 (1996) Scream
81%
1 (1980) The Shining
79%
44 (1980) Friday The 13th
74%
49 (2017) IT
74%
4 (1973) The Exorcist
72%
25 (1984) A Nightmare On Elm Street
71%
14 (1974) The Texas Chainsaw Massacre
66%
35 (2013) The Conjuring
64%
10 (1960) Psycho
63%
50 (2004) Saw
63%
2 (1979) Alien
58%
3 (1982) The Thing
57%
9 (1922) Nosferatu
48%
42 (2024) Nosferatu
48%
8 (1991) The Silence Of The Lambs
44%
7 (1975) Jaws
43%
45 (2018) Hereditary
42%
12 (2017) Get Out
41%
11 (1968) Night Of The Living Dead
38%
19 (1981) The Evil Dead
33%
34 (1976) Carrie
32%
26 (1986) Aliens
30%
24 (1978) Dawn Of The Dead
30%
20 (1968) Rosemary's Baby
30%
47 (1987) Predator
29%
28 (1986) The Fly
28%
22 (2014) It Follows
27%
15 (2018) A Quiet Place
25%
37 (2014) The Babadook
25%
27 (2024) The Substance
23%
23 (2015) The Witch
23%
36 (2002 28 Days Later
22%
21 (2011) The Cabin In The Woods
21%
13 (1987) Evil Dead 2
17%
41 (2019) The Lighthouse
15%
18 (1981) An American Werewolf In London
14%
48 (2024) Smile 2
14%
40 (2024) Alien Romulus
10%
39 (1989) Pet Sematary
9%
30 (2025) The Monkey
8%
16 (1985) Fright Night
7%
17 (1990) Childs Play 2
6%
38 (2025) Heart Eyes
6%
29 (2024) Heretic
6%
31 (2023) Saw X
6%
33 (1998) Bride Of Chucky
5%
32 (1987) A Nightmare On Elm Street 3 Dream Warriors
2%
43 (1986) Friday the 13th Jason Lives
1%
No matching quizzes found
Score Distribution
Percent of People with Each Score
Percentile by Number Answered
Your Score History
You have not taken this quiz